| 000 | 00000cam 2200000zi 4500 |
| 001 | 9.911079 |
| 003 | CaOODSP |
| 005 | 20260206092027 |
| 006 | m o d f |
| 007 | cr ||||||||||| |
| 008 | 220511t19851985oncad ob f000 0 eng d |
| 020 | |a0662139240|qprint |
| 040 | |aCaOODSP|beng|erda|cCaOODSP |
| 041 | |aeng|bfre|beng |
| 043 | |an-cn--- |
| 086 | 1 |aEn49-9/1-1E-PDF|zEn49-9/1-1E |
| 245 | 00|aEnvironmental codes of practice for steam electric power generation : |bdesign phase. |
| 264 | 1|aOttawa : |bIndustrial Programs Branch, Environmental Protection Service, Environment Canada, |c1985. |
| 264 | 4|c©1985 |
| 300 | |a1 online resource (ix, 85 pages) : |billustrations, charts. |
| 336 | |atext|btxt|2rdacontent |
| 337 | |acomputer|bc|2rdamedia |
| 338 | |aonline resource|bcr|2rdacarrier |
| 490 | 1 |aReport ; |vEPS 1/PG/1 |
| 500 | |aDigitized edition from print [produced by Environment and Climate Change Canada]. |
| 500 | |a"March 1985." |
| 500 | |a"Environmental Protection Service report series"--Cover. |
| 500 | |aIssued also in French under title: Code de recommandations techniques pour la protection de I'environnement applicable aux centrales à vapeur : phase de la conception. |
| 504 | |aIncludes bibliographical references (page 85). |
| 520 | 3 |a"The Design Phase Code is one of a series of documents being developed for the steam electric power generation industry. This industry includes fossil-fuelled stations (gas, oil and coal-fired boilers), and nuclear-powered stations (CANDU heavy water reactors). In this document, environmental concerns associated with water-related and solid waste activities of steam electric plants are discussed. Design recommendations are presented that will minimize the detrimental environmental effects of once-through cooling water systems, of wastewaters discharged to surface waters and ground waters, and of solid waste disposal sites"--Abstract. |
| 546 | |aAbstract in English and French. |
| 650 | 0|aSteam power plants|xEnvironmental aspects|zCanada. |
| 650 | 0|aElectric power-plants|xEnvironmental aspects|zCanada. |
| 710 | 1 |aCanada. |bEnvironmental Protection Directorate. |bIndustrial Programs Branch, |eissuing body. |
| 775 | 08|tCode de recommandations techniques pour la protection de I'environnement applicable aux centrales à vapeur : |w(CaOODSP)9.959637 |
| 830 | #0|aReport (Canada. Environment Canada)|vEPS 1/PG/1.|w(CaOODSP)9.851520 |
| 856 | 40|qPDF|s3.35 MB|uhttps://publications.gc.ca/collections/collection_2022/eccc/En49-9-1-1-eng.pdf |